Célebre pero desconocido general Riego / (Record no. 19032)
[ view plain ]
| 000 -LEADER | |
|---|---|
| campo de control de longitud fija | 00564nam a2200181 i 4500 |
| 001 - NÚMERO DE CONTROL | |
| campo de control | 19032 |
| 003 - IDENTIFICADOR DE NÚMERO DE CONTROL | |
| campo de control | ES-MaACL |
| 005 - FECHA Y HORA DE LA ÚLTIMA TRANSACCIÓN | |
| campo de control | 20230906152000.0 |
| 007 - CAMPO FIJO DE DESCRIPCIÓN FÍSICA--INFORMACIÓN GENERAL | |
| campo de control de longitud fija | t| |
| 008 - DATOS DE LONGITUD FIJA--INFORMACIÓN GENERAL | |
| campo de control de longitud fija | 020524s1999 sp ||||1| spa d |
| 080 ## - NÚMERO DE LA CLASIFICACIÓN DECIMAL UNIVERSAL | |
| Número de la Clasificación Decimal Universal | 929 Riego, Rafael del |
| 100 1# - ENTRADA PRINCIPAL--NOMBRE DE PERSONA | |
| Nombre de persona | Meléndez de Arvas, Cecilia. |
| 9 (RLIN) | 79919 |
| 245 10 - MENCIÓN DEL TÍTULO | |
| Título | Célebre pero desconocido general Riego / |
| Mención de responsabilidad, etc. | por Cecilia Meléndez de Arvas. |
| 260 ## - PUBLICACIÓN, DISTRIBUCIÓN, ETC. | |
| Lugar de publicación, distribución, etc. | [Asturias : |
| Nombre del editor, distribuidor, etc. | C. Meléndez de Arvas, |
| Fecha de publicación, distribución, etc. | 1999] |
| 300 ## - DESCRIPCIÓN FÍSICA | |
| Extensión | 45 p. : |
| Otras características físicas | il. ; |
| Dimensiones | 21 cm. |
| 600 14 - PUNTO DE ACCESO ADICIONAL DE MATERIA--NOMBRE DE PERSONA | |
| Nombre de persona | Riego, Rafael del. |
| 9 (RLIN) | 97086 |
| 852 ## - LOCALIZACIÓN | |
| Ubicación | ES-MaACL |
| Número de control de estantería | 2167-F-14 |
| Sublocalización o colección | R.131680 |
| Estatus retirado | Estado de pérdida | Estado de daño | No para préstamo | Colección | Biblioteca de origen | Biblioteca actual | Ubicación en estantería | Fecha de adquisición | Fuente de adquisición | Total de préstamos | Signatura topográfica completa | Código de barras | Visto por última vez | Precio de reemplazo | Tipo de ítem Koha |
|---|---|---|---|---|---|---|---|---|---|---|---|---|---|---|---|
| Colección de folletos | Biblioteca del Ateneo de Madrid | Biblioteca del Ateneo de Madrid | Depósito folletos | 17/01/2008 | 2167-F-14 | 1019474 | 23/02/2023 | 23/02/2023 | Folleto |
